000 00586nam a2200193Ia 4500
003 GCL
008 140319s9999 xx 000 0 ara d
040 _aGCL /
_cGCL
082 0 4 _a833.03
_bر ث
100 1 _aالياس خورى
245 1 0 _aثلاثة رفاق رواية من المانيا /
_cالياس خورى
700 1 _aريمارك، اريشى ماريا
700 1 _aليلى نعيم (ترجمة)
300 _a473
490 _aذاكرة الشعوب
_v0
650 0 4 _aالادب الالمانى
650 0 4 _aالقصص الالمانية
942 _2ddc
_cBK
999 _c39446
_d39446